Normal view MARC view
  • STAPLEDON,DAVID FELL ROBIN

Entry Personal Name

Number of records used in: 1

001 - CONTROL NUMBER

  • control field: 90158

003 - CONTROL NUMBER IDENTIFIER

  • control field: NUST

005 - DATE AND TIME OF LATEST TRANSACTION

  • control field: 20220302123548.0

008 - FIXED-LENGTH DATA ELEMENTS

  • fixed length control field: 220302|| aca||aabn | a|a d

040 ## - CATALOGING SOURCE

  • Original cataloging agency: NUST
  • Transcribing agency: NUST

100 ## - HEADING--PERSONAL NAME

  • Personal name: STAPLEDON,DAVID FELL ROBIN

670 ## - SOURCE DATA FOUND

  • Source citation: Work cat.: (NUST): STAPLEDON,DAVID FELL ROBIN., GEOTECHNICAL ENGINEERING OF DAMS /, 2015.
© 2023 Central Library, National University of Sciences and Technology. All Rights Reserved.